| 000 | 00441nam a2200145Ia 4500 | ||
|---|---|---|---|
| 008 | 200302s9999 xx 000 0 und d | ||
| 020 | _a9780323480543 | ||
| 100 | _aKumar, Vinay | ||
| 245 |
_cVinay Kumar, Abul K. Abbas, Jon C. Kester.-- _aRobbins basic pathology / |
||
| 250 | _a10th | ||
| 260 |
_aPennyslavania: _bElsevier _c2018 |
||
| 300 |
_axiv, 935 pages : _bcolored illustrations; |
||
| 500 | _aIncludes index. | ||
| 650 | _aPathology. | ||
| 999 |
_c363054 _d363054 |
||